Normal view
MARC view
- Naziri, Jamil Ahmed
Entry Personal Name
001 - CONTROL NUMBER
- control field: 104516
003 - CONTROL NUMBER IDENTIFIER
- control field: NUST
005 - DATE AND TIME OF LATEST TRANSACTION
- control field: 20221208183711.0
008 - FIXED-LENGTH DATA ELEMENTS
- fixed length control field: 221208|| aca||aabn | a|a d
040 ## - CATALOGING SOURCE
- Original cataloging agency: NUST
- Transcribing agency: NUST
100 ## - HEADING--PERSONAL NAME
- Personal name: Naziri, Jamil Ahmed
670 ## - SOURCE DATA FOUND
- Source citation: Work cat.: (NUST)185491: Naziri, Jamil Ahmed, The Way The Noble Messenger Offered His prayer /, 1999
